00409nam a2200085Ia 4500008004100000245022900041260003600270300000900306365000800315220603s9999 xx 000 0 und d aStudy to assess the effectiveness of self instructional module on the knowledge and skills regarding use of glasgow coma scale in neurological assessment of patients among staff nurses working in critical care unit Karnataka aKarnatakabKLE Universityc2012 a118p bRs.